Statistics for The Office fan quiz

Click here to take the quiz!

General Stats

  • This quiz has been taken 168 times
    (164 since last reset)
  • The average score is 10 of 15

Answer Stats

Question Answer % Correct
What is the name of Angela's cat that Dwight kills?Sprinkles
95%
In an opening sequence, what famous dish of Kevin's does he drop all over the floor?Chili
92%
What is Stanley's favorite day of the year?Pretzel Day
81%
What is Erin's real name?Kelly
78%
Where does Jim propose to Pam?Gas station
75%
What branch does Holly get transferred to after David Wallace finds out about her relationship with Michael?Nashua
72%
After going to corporate to steal Michael's job, what chore does Michael make Dwight do to pay for it?His laundry
72%
What does Darryl kill during his interview with AtheLead?Fish
69%
What is the name of Kevin's band?Scrantonicity
62%
What are the names of the two interns nicknamed Little Jim and Little Dwight?Pete and Clark
58%
What environment saving super hero does Dwight create and dress up as each year for Earth Day?Recyclops
54%
What gift does Phyllis not finish before Michael leaves for Colorado?Mittens
53%
What does Creed grow in his desk?Mung beans
50%
What is the name of Meredith's son?Jake
47%
What was the ringtone Andy's phone played when Jim put it in the ceiling?Rockin' Robin
41%

Score Distribution

Percentile by Number Answered

Percent of People with Each Score

Your Score History

You have not taken this quiz since the last reset